| Tag |
First Indicator |
Second Indicator |
Subfields |
| LEADER |
00000cam a2200000 4500 |
| 001 |
in00000783003 |
| 005 |
20151017063238.0 |
| 008 |
851213s1882 ilua 00010 eng d |
| 035 |
|
|
|a (OCoLC)12905430
|
| 035 |
|
|
|9 ADN1349AM
|
| 040 |
|
|
|a FKS
|c FKS
|d m/c
|d TXA
|d UtOrBLW
|
| 049 |
1 |
|
|a TXA1 [DYKS]
|
| 090 |
|
|
|a SF103.W9
|b W96 1882
|
| 110 |
2 |
|
|a Wyoming Stock Growers Association.
|
| 245 |
1 |
0 |
|a Cattle brands owned by members of the Wyoming Stock Growers' Association.
|
| 264 |
|
1 |
|a Chicago :
|b The J. M. W. Jones Stationery and Printing Co.,
|c 1882.
|
| 300 |
|
|
|a 52, ii pages :
|b illustrations ;
|c 17 cm.
|
| 336 |
|
|
|a text
|b txt
|2 rdacontent
|
| 337 |
|
|
|a unmediated
|b n
|2 rdamedia
|
| 338 |
|
|
|a volume
|b nc
|2 rdacarrier
|
| 500 |
|
|
|a T. p. vignette: symbol for reading of ear-marks.
|
| 650 |
|
0 |
|a Cattle brands
|z Montana.
|
| 999 |
|
|
|a MARS
|
| 999 |
f |
f |
|s 4ac42935-16b6-3ae9-a5ec-0d2d8a1f3dc6
|i 94a17d2a-a116-3e1a-8f84-1ec6b54d2ada
|t 0
|
| 952 |
f |
f |
|p noncirc
|a Texas A&M University
|b College Station
|c Cushing Memorial Library & Archives
|d Cushing: Dykes (Does not check out)
|t 0
|e SF103.W9 W96 1882
|h Library of Congress classification
|i unmediated -- volume
|m A14851922683
|
| 998 |
f |
f |
|a SF103.W9 W96 1882
|t 0
|l Cushing: Dykes (Does not check out)
|